000 00390nam a2200133Ia 4500
008 151021s9999 xx 000 0 und d
050 _aQC176.B641969
245 _a_Properties of solids and their Atomic Structures
260 _aLondon McGRAW-HILL 1967
300 _avii,146p;ill.
500 _aIncludes index
650 _a_Properties of solids
980 _a^d20110119 10:51:02^okorir
999 _c6184
_d6184